[Event "Jubileuszowy FSzach XXX-lecie PUCHARU GOR OPAWSKICH - TURNIEJ Z NORMA IM"]
[Site "POKRZYWNA"]
[Date "1899-12-30"]
[Round "9.5"]
[White "Licznerski, Lukasz"]
[Black "Zylka, Stanislaw"]
[Result "1/2-1/2"]
[WhiteTitle "FM"]
[BlackTitle "FM"]
[WhiteElo "2360"]
[BlackElo "2362"]

1. e4 e5 2. Nf3 Nc6 3. Bb5 a6 4. Ba4 Nf6 5. O-O Be7 6. d3 b5 7. Bb3 d6 8. a4 b4
9. Nbd2 O-O 10. Re1 Rb8 11. h3 Be6 12. Bxe6 fxe6 13. Nf1 Qe8 14. Ng3 Nd7 15. Be3
Qg6 16. c3 Nc5 17. Bxc5 dxc5 18. Nd2 Bh4 19. Re3 Na5 20. Rf3 Rxf3 21. Qxf3 bxc3
22. bxc3 Rb2 23. Ngf1 Bg5 24. Rb1 Rb6 25. Qd1 Qe8 26. Nf3 Bf6 27. Ne3 Qb8 28.
Rc1 Nb3 29. Rc2 Na1 30. Rc1 Nb3 31. Rb1 Na5 32. Nd2 h6 33. Ra1 Qe8 34. Nec4 Nxc4
35. Nxc4 Rb8 36. g3 Qd7 37. Qc2 Rd8 38. Rd1 Rb8 39. Kg2 Qc6 40. h4 Qb7 41. Na3
Qc6 42. Ra1 Be7 43. a5 Bd6 44. Rb1 Rxb1 45. Qxb1 Be7 46. Nc4 Bf6 47. Qb8+ Kh7
48. Qc8 h5 49. Kf3 Qa4 50. Qxa6 Qd1+ 51. Kg2 Qxd3 52. Qxe6 Qxe4+ 53. Kg1 Qe1+
54. Kg2 Qe4+ 55. Kh2 Qc2 56. Kg1 Qb1+ 57. Kh2 Qc2 58. Qd5 Qxf2+ 59. Qg2 Qe1 60.
Qa2 Bxh4 61. gxh4 Qxh4+ 62. Kg2 Qe4+ 63. Kf2 h4 64. a6 Qf4+ 65. Ke1 h3 66. a7
h2 67. a8=Q Qc1+ 68. Ke2 h1=Q 69. Qxh1+ Qxh1 70. Qc2+ e4 71. Nd2 Qg2+ 72. Ke1
Qg3+ 73. Kf1 Qh3+ 74. Kf2 Qh2+ 75. Ke3 Qg3+ 76. Ke2 Qg2+ 77. Ke1 Qg3+ 78. Kf1
Qh3+ 79. Kf2 Qh2+ 80. Ke3 Qg3+ 81. Ke2 1/2-1/2